000 00418nam a2200181Ia 4500
001 11669
005 20260306162845.0
008 260306t1995||||xx |||||||||||||| ||spa||
041 _aESP
082 _a986.1063
_bD89
100 _aDonadio, Alberto
_eAUT
245 0 _aLa guerra con el Perú
260 _c1995
300 _a306 páginas :
_c21cm.
650 _aGEN
654 _aCHU
942 _cLIB
_dJUS
_fJUS
_2ddc
_n
999 _c11669
_d11669